000 00288nam a22001337a 4500
008 170508b xxu||||| |||| 00| 0 eng d
020 _a2900735557344
041 _aeng
080 _22ND
_a341
100 _a15
101 _aSHJ
245 _aINTERNATIONAL LAW
_cDUNOFF
942 _2udc
_cBK
999 _c12937
_d12937